000 00613nam a2200205Ia 4500
001 8944
003 GE_BSU
008 181216s||||||||xx |||||||||||||| ||und||
040 _cGE_BSU
080 _a821.353.1–32
100 _aკვიცარიძე,დავით
245 _aრჩეული
245 _cრედ.მ.ჯაფარიძე, მხატვ. გ.კალაძე და ე. ბურჯანაძე
260 _aთბილისი
260 _bმერანი
260 _c1974
300 _a497გვ.22სმ.
653 _aრჩეული
942 _cBK
999 _c42249
_d42249